MDQL
is popping MORE tags! Check the
thread
!
Quizzes
Events
Quiz Creation
Community
Videos
Private Events
Remove Ads
Sign In
Join for FREE
Feedback
Dark Mode
Quiz Categories
Sports
Geography
Music
Movies
Television
Just For Fun
Miscellaneous
History
Literature
Language
Science
Gaming
Entertainment
Religion
Holiday
For Kids
Quiz Lab
Recent
Popular Today
Quiz Kudos Today
Editor Picks
Curator Picks
Quizzes by...
Day
Popularity
Type
Ratings
Length
Year
Community
Subscriptions
Recent Discussions
Orange Saloon
Badges
Playlists
Quests
Create
Leaderboards
Showdown
Live 5
Trivia Bingo
Activity
Puzzle Library
Sporcle Events
Private Events
Virtual Trivia
Globe League
Become a Host
Pub Owners
SporcleCon
Opinionation
Our Games
Videos
Blog
Mobile Apps
Partnerships
Remove Ads and Go Orange
Feedback
Sports
Athletes
MLB
NBA
NHL
NFL
Soccer
Sports Teams
WWE
NCAA
Football
Premier League
Basketball
Baseball
Hockey
Golf
Tennis
Cricket
Rugby
Auto Racing
Olympics
World Cup
Sports
Athletes
MLB
NBA
NHL
NFL
Soccer
Sports Teams
WWE
NCAA
Football
Premier League
Basketball
Baseball
Hockey
Golf
Tennis
Cricket
Rugby
Auto Racing
Olympics
World Cup
Random Quiz
Search Sporcle
×
Quiz Lab
Quiz Lab
Sports
World
Type in answers that appear in a list
Type in answers that appear in a list
Classic
Best Score? Go Orange.
Longest Reigning WHC(World Heavyweigt Champion) Stats
Can you name the Longest Reigning WWE World Heavyweight Champions
By
yaboytimtim
4m
20 Questions
265 Plays
265 Plays
265 Plays
Comments
Comments
Give Quiz Kudos
Give Quiz Kudos
-
- Ratings
hide this ad
Wrong Answers
Some wrong answers will appear in red
Some wrong answers will appear in red
Replay
Link that replays current quiz
Next Quiz
Link to next quiz in quiz playlist
You Got
0%
They Got
Avg Score
75%
Avg Friend Score
Upgrade to see
Score Distribution
Jump to the score distribution portion of the page
Score
0/20
Timer
04:00
0
Plays Today
Days
% Correct
84
???
90.9%
105
???
90.6%
140
???
89.4%
282
???
89.1%
280
???
86.4%
69
???
83%
154
???
82.6%
112
???
78.5%
72
???
76.6%
210
???
75.1%
Days
% Correct
91
???
73.2%
126
???
71.3%
105
???
70.9%
154
???
70.2%
82
???
69.4%
84
???
67.9%
61
???
66.4%
82
???
65.3%
69
???
55.8%
133
???
49.4%
Quiz Playlist
Details
Report
Send in Message
Add To Playlist
Classic:
Type in answers that appear in a list
Wrong Answers:
Some wrong answers will appear in red
Last Updated: Feb 16, 2017
Quiz Scoreboard
CHALLENGE
Sign Up to Join the Scoreboard
Show All
Scores
Hide
Comments
May contain spoilers
Recently Published
Find the 'City' Movie
by crazypaving
Movies
60s
5x2 Blitz: Bands
by SL_Kpop136
Music
30s
Colored Red Africa Blitz
by spor1
Geography
30s
More to Explore
Quiz From the Vault
Featured Blog Post
14 Easter Pick-up Lines to Find Eggs With
hide this ad
You Might Also Like...
Tags
World Quiz
WWE Quiz
champion
Heavyweight
Heavyweight Champions
longest
Longest Reigning
Reigning
WHC
Today's Top Quizzes in Sports
Browse Sports
hide this ad
Today's Top Quizzes in World
Browse World
Top Contributed Quizzes in Sports
1
Players with Multiple 50 Home Run Seasons
2
Criteria MLB: Left Handed Sluggers
3
MLB Players with Two .350 Batting Average Seasons
4
Who Hit More Homers?
5
Premier League Clubs since 2000 (minefield)
6
Who Needs Fielders?
7
2020 F1 Drivers Logic Puzzle
8
Les entraîneurs de l'OM et du PSG au 21e siècle
9
Top 10 NHL Goal Scorers of All Time
10
MLB Hall of Famer by Rings
Explore More
Trending Topics
Crossword
Anime
Disney
Marvel
Harry Potter
NBA
Kpop
Soccer
The Office
Pokémon
Country
Song
NFL
Puzzle
WWE
hide this ad
More By:
yaboytimtim
Quiz
Plays
Rating
Category
Featured
Created
NBA Conference Champions (1947-Present)
1,984
2.64
Sports
Oct 18, 2014
WWE 2K15 Roster
415
Sports
Oct 4, 2014
MLB Records
277
4.50
Sports
Jun 29, 2014
Longest Reigning WHC(World Heavyweigt Champion)
265
2.67
Sports
Apr 4, 2014
Most Eliminations in the Royal Rumble All Time
230
5.00
Sports
Apr 29, 2014
Go to Creator's Profile
Score Distribution
Quiz Creator Spotlight
yaboytimtim
Follow
Send a Message
Quizzes Created
-
Created Quiz Play Count
-
More By This Creator
Popular Quizzes Today
1
Find the 'City' Movie
2
Colored Red Africa Blitz
3
5x2 Blitz: Bands
4
Find the US States - No Outlines Minefield
5
The Countries of the World
6
Find the US States
7
US States
8
9x9 Crossword: Cartoon Network
More Sports Quizzes
Reds Yearly Top 5 in OPS+
Quiz Lab
Trending Quizzes
Colored Red Europe Blitz I
Colored Red Africa Blitz II
Colored Red Europe Blitz II
Colored Red Europe Blitz III
Colored Red Africa Blitz III
Recently Updated
Famous TV Couples
Peacemaker
Champions League XIs: Real Madrid
pecheneg
Largest US Cities 1790-2010
pecheneg
Rides in Walt Disney World
pecheneg
Most Oscar Losses (Acting)
pecheneg
Beyoncé Albums
pecheneg
Leaping Animals
pecheneg
Reality TV Shows (A-Z)
bhenderson79
Rickey Henderson's Hall of Fame Teammates
pecheneg
Champions League XIs: Arsenal
pecheneg
Trending Topics
Crossword
Harry Potter
Disney
Kpop
Anime
NBA
Marvel
The Office
NFL
Song
Puzzle
WWE
Country
Pokémon
Soccer
Your Account Isn't Verified!
In order to create a playlist on Sporcle, you need to verify the email address you used during registration. Go to your
Sporcle Settings
to finish the process.
Report this User
Report this user for behavior that violates our
Community Guidelines
.
Details:
Send Report
Go to the Sporcle.com Mobile Site →
Comments